000
00319nam a22001457a 4500
005
20160620141250.0
008
160620b xxu||||| |||| 00| 0 eng d
020
_a
0-19-567348-4
041
_a
eng
082
_b
8554
245
_a
Advanced learners Dictionary
260
_b
Oxford
_c
2010
300
_a
734
942
_c
BK
999
_c
3281
_d
3280